000 00334nam a2200157Ia 4500
100 _aKaushish/J.P.
650 _aPRODUCTION
250 _aIIND
942 _cBK
366 _f25
245 _aManufacturing Process
260 _bPrentice Hall of India
_aNew Delhi
_c2009
082 _a671/KAU
300 _a737
546 _aENGLISH
999 _c34094
_d34094